• 首页
  • 本馆介绍
  • 公告通知
  • 最新文献
  • 馆藏检索
  • 电子资源
  • 读者导购
  • 参考咨询
  • 我的图书馆
  • 登录
  • 详细信息显示
  • 放入我的书架
  • 预约/预借图书
  • 作者相关作品
  • 分类相关作品
  • 丛书相关作品
  • 出版社相关作品

书目信息

  • 表格格式
  • 工作单格式
  • 卡片格式
题名:
半导体物理学
    
 
作者: 黄昆 , 谢希德 著
分册:  
出版信息: 北京   科学出版社  1958
页数: 400页
开本: 19cm
丛书名:
单 册:
中图分类: O47
科图分类:
主题词: 半导体物理学
电子资源:
ISBN:
000 00551nam0 2200205 450
001 0661743687
005 20070923162355.46
010    @dCNY2.10
100    @a20061120d1958 km y0chiy0120 ea
101 0  @achi
102    @aCN@b110000
200 1  @a半导体物理学@Aban dao ti wu li xue@f黄昆,谢希德著@Fhuang kun,xie xi de zhu
210    @a北京@c科学出版社@d1958
215    @a400页@d19cm
606 0  @a半导体物理学
690    @aO47@v3
701  0 @a黄昆@Ahuang kun@4著
701  0 @a谢希德@Axie xi de@4著
801  0 @aCN@bPFT@c20070923
905    @a10447@dO47@e1
    
    半导体物理学/黄昆,谢希德著.-北京:科学出版社,1958
    400页;19cm
    
    
    ISBN :CNY2.10
    
●
相关链接 在E读中查询图书 在五车中查询图书 在当当中查询图书 在豆瓣中查询图书


正题名:半导体物理学     索取号:O47/1         预约/预借

序号 登录号 条形码 馆藏地/架位号 状态 备注
1 0015877   001454303   第二样本阅览室/ [索取号:O47/1] 在馆    
2 0624649   206246490   密集书库/ [索取号:O47/1] 在馆    
唐山师范学院图书馆 欢迎您!
大连网信软件有限公司© 版权所有